00678 2200193 4500245003400000020002200034250001100056700002400067700002200091100001300113650002000126005001900146260004200165041001400207084000800221300002300229500022300252336000900475 aRanah 3 WarnacA. FuadihText a978-979-22-6325-1 aCet. 3 aDanya Dewanti fuadi aMirna Yulistianti aA. Fuadi aNovel Indonesia a20231005072806 aJakartabGramedia Pustaka Utamac2011 aIndonesia a813 a473 hlm :c19,5 cm aAlif baru saja tamat dari pomdok madani. dia bahskan sudah bisa bermimpi dalam bahsa arab dan inggris. impianya? tinggi betul, ingin belajar teknologi tinggi di bandung seperti habibie, lalu merantau sampai ke amerika. atext